Participation in state affairs of the Armed Forces of the Republic of Indonesia is not militarism. (Record no. 88896)
[ view plain ]
| 000 -LEADER | |
|---|---|
| fixed length control field | 00768nam a22002291 4500 |
| 001 - CONTROL NUMBER | |
| control field | sa 68019464 |
| 003 - CONTROL NUMBER IDENTIFIER | |
| control field | DLC |
| 005 - DATE AND TIME OF LATEST TRANSACTION | |
| control field | 20260227112717.0 |
| 008 - FIXED-LENGTH DATA ELEMENTS--GENERAL INFORMATION | |
| fixed length control field | 811110s1967 io b 00010 eng |
| 010 ## - LIBRARY OF CONGRESS CONTROL NUMBER | |
| LC control number | sa 68019464 //r81 |
| 025 ## - OVERSEAS ACQUISITION NUMBER | |
| Overseas acquisition number | PL480:Indo-7586 |
| 043 ## - GEOGRAPHIC AREA CODE | |
| Geographic area code | a-io--- |
| 050 0# - LIBRARY OF CONGRESS CALL NUMBER | |
| Classification number | UA853.I5 |
| Item number | A54 1967a |
| 082 0# - DEWEY DECIMAL CLASSIFICATION NUMBER | |
| Classification number | 322/.5/09598 |
| Edition number | 19 |
| 110 10 - MAIN ENTRY--CORPORATE NAME | |
| Corporate name or jurisdiction name as entry element | Indonesia. |
| Subordinate unit | Departemen Penerangan. |
| 245 10 - TITLE STATEMENT | |
| Title | Participation in state affairs of the Armed Forces of the Republic of Indonesia is not militarism. |
| 260 0# - PUBLICATION, DISTRIBUTION, ETC. | |
| Place of publication, distribution, etc. | [Djakarta] |
| Name of publisher, distributor, etc. | Dept. of Information, Republic of Indonesia |
| Date of publication, distribution, etc. | [1967] |
| 300 ## - PHYSICAL DESCRIPTION | |
| Extent | 20 p. |
| Dimensions | 18 cm. |
| 500 ## - GENERAL NOTE | |
| General note | "Special issue, 025/67." |
| 504 ## - BIBLIOGRAPHY, ETC. NOTE | |
| Bibliography, etc. note | Includes bibliographical references. |
| 651 #0 - SUBJECT ADDED ENTRY--GEOGRAPHIC NAME | |
| Geographic name | Indonesia |
| General subdivision | Armed Forces |
| -- | Political activity. |
No items available.